000
00385nam a22001337a 4500
003
SGT
020
_a
9788175973015
082
_a
954
_b
H79M
100
_a
महाराज, तपोवनम जी
245
_a
हिमगिरी विहार
260
_b
सेंट्रल चिन्मय मिशन ट्रस्ट
_c
1979
300
_a
330
942
_2
ddc
_c
BK
999
_c
31931
_d
31931